000 00636nam a2200205Ia 4500
005 20250508160145.0
008 008 250505s9999 xx 000 0 eng d
037 _aBooks to be hide in OPAC
040 _aFEDL
_beng
_cFEDL
041 _aeng
_2eng
084 _a370.973, UNI/O
_qFEDL
100 _aJesien W S
_9768000
245 0 _aSecondary agricultural schools in Russia
245 0 _cBureau of Education. Department of the Interior
260 _aWashington, USA
_bU.S. Government Printing Office
_c1917
300 _a22p.
546 _aWeeded out
942 _cHB
_h370.973, UNI/O
999 _c1362282
_d1362282